Builders' Quantities (Record no. 105117)

MARC details
000 -LEADER
fixed length control field 00857cam a2200181 4500
001 - CONTROL NUMBER
control field ##L132383
008 - FIXED-LENGTH DATA ELEMENTS--GENERAL INFORMATION
fixed length control field 060201n1904 000 0 eng u
035 ## - SYSTEM CONTROL NUMBER
System control number (Sirsi) u132383
041 0# - LANGUAGE CODE
Language code of text/sound track or separate title eng
050 04 - LIBRARY OF CONGRESS CALL NUMBER
Classification number 692.5 $2 18
100 1# - MAIN ENTRY--PERSONAL NAME
Personal name Grubb, Herbert C.
245 00 - TITLE STATEMENT
Title Builders' Quantities
260 ## - PUBLICATION, DISTRIBUTION, ETC.
Place of publication, distribution, etc. London
Name of publisher, distributor, etc. Methuen and Co
Date of publication, distribution, etc. 1904
300 ## - PHYSICAL DESCRIPTION
Extent viii, 227p
Other physical details drawings, tables
Dimensions 19cm
520 ## - SUMMARY, ETC.
Summary, etc. A guide to the measurement of builders' quantities, with worked examples, aimed at students preparing for the City and Guilds of London Institute examination. Covers the following trades: drainage, bricklayer, mason, tiler, slater, carpenter, joiner and ironmonger, smith and founder, plasterer, plumber, zinc-worker, gasfitter, hot-water engineer, bellhanger, painter, glazier and paperhanger.
690 ## - LOCAL SUBJECT ADDED ENTRY--TOPICAL TERM (OCLC, RLIN)
Topical term or geographic name as entry element BUILT ENVIRONMENT-BUILDING COSTS
942 ## - ADDED ENTRY ELEMENTS (KOHA)
Suppress in OPAC 0
Holdings
Withdrawn status Lost status Source of classification or shelving scheme Damaged status Not for loan Home library Current library Shelving location Date acquired Total Checkouts Full call number Barcode Date last seen Copy number Price effective from Koha item type
    Dewey Decimal Classification     London London Basement 01/02/2006   SHELF 205 30071632 06/08/2019 1 06/08/2019 Book